00508nam a2200181 a 4500001001300000003000900013005001700022008004100039020002300080082001600103100001800119245006100137260005000198300000900248500003500257650001600292700001800308nice12345678IN_TiNIC20260116014208.0071218s2006 newa grp 000 0 eng  a8175963204 c49500a340.59bCOO aCook, Michael aCommanding Right and Forbidding Wrong in Islamic Thought aNew Delhi bCambridge University Press c2006 a702p aincludes index and biblioraphy aIslamic-Law1 aCook, Michael